| 000 | 00825cad a22001935a 4500 | ||
|---|---|---|---|
| 001 | L150875 | ||
| 008 | 100908s2010 xxk 000 0 eng d | ||
| 035 | _a(Sirsi) u150875 | ||
| 041 | 0 | _aeng | |
| 110 | 2 |
_aEC Harris _94930 |
|
| 245 | 0 | 0 |
_aMarket view UK _bsummer 2010, new look for the government, but for the construction industry the pain continues _h[electronic resource] |
| 260 |
_a[S.l.] _bECHarris _c2010 |
||
| 520 | _aForecast and summary of the built asset industry in the UK; infrastructure; regional variation; commodity price rises and input cost inflation. | ||
| 590 | _aKA NTK | ||
| 651 | 4 |
_aUnited Kingdom _y |
|
| 690 | _aBUILT ENVIRONMENT-CONSTRUCTION MARKET | ||
| 856 | 4 | 0 |
_uhttps://www.echarris.com/PDF/7625_Market%20view_SUMMER%20FINAL.pdf _zView the item free of charge at www.echarris.com |
| 942 | _n0 | ||
| 999 |
_c111002 _d111002 |
||